000 00670nam a2200193 i 4500
001 35317
003 ES-MaACL
005 20230906155115.0
007 t|
008 030212s1902 fr ||||1| fre d
100 1 _aBolles Lee, Arthur.
_929987
245 1 0 _aTraité des méthodes techniques de l'Anatomie microscopique, Histologie, Embriologie et Zoologie /
_cpar Arthur Bolles Lee et L. Félix Henneguy ; préface de M. Ranvier.
250 _a3eme ed.
260 _aParís :
_bOctave Doin,
_c1902 (
_eEvreux :
_fCh. Herissey)
300 _aIX, 553 p. ;
_c26 cm.
700 1 _aHenneguy, Félix.
_962552
700 1 _aRanvier, M.
_995437
852 _aES-MaACL
_jB-11299
999 _c35317
_d35317